[Event "XVII Weekend Citta' di Firenze A"]
[Site "Firenze ITA"]
[Date "2009.12.08"]
[Round "5"]
[White "Malescusi, Luciano"]
[Black "Chiarion, Elisa"]
[Result "0-1"]
[WhiteElo "1920"]
[BlackElo "1908"]
[PlyCount "64"]
[EventDate "2009.12.06"]

1. d4 d5 2. c4 e6 3. Nc3 c6 4. cxd5 exd5 5. Qc2 Bd6 6. Nf3 h6 7. g3 Nf6 8. Bf4
Bxf4 9. gxf4 O-O 10. e3 Re8 11. Bd3 Ng4 12. O-O-O Qa5 13. Ne5 Nxe5 14. fxe5 Na6
15. a3 b5 16. Na2 Bb7 17. Rhg1 c5 18. Qe2 c4 19. Qg4 g5 20. Bc2 b4 21. Qf5 Re6
22. Qh7+ Kf8 23. Bf5 Rae8 24. h4 bxa3 25. Bxe6 Rxe6 26. hxg5 axb2+ 27. Kb1 hxg5
28. Rxg5 Nb4 29. Rg8+ Ke7 30. Qh4+ Kd7 31. Rd8+ Kc7 32. Nc3 Qa1# 0-1

[Event "XVII Weekend Citta' di Firenze A"]
[Site "Firenze ITA"]
[Date "2009.12.08"]
[Round "5"]
[White "Mauro, Alan"]
[Black "Madiai, Federico"]
[Result "1/2-1/2"]
[WhiteElo "2174"]
[BlackElo "2112"]
[PlyCount "107"]
[EventDate "2009.12.06"]

1. e4 e5 2. Nf3 Nc6 3. Bb5 Nf6 4. Qe2 d6 5. O-O Bd7 6. c3 g6 7. d4 Qe7 8. Bg5
Bg7 9. dxe5 dxe5 10. c4 a6 11. Ba4 h6 12. Bxf6 Qxf6 13. Nc3 O-O-O 14. Nd5 Qe6
15. b4 Nd4 16. Nxd4 exd4 17. Bxd7+ Rxd7 18. b5 d3 19. Qe3 Bxa1 20. Qa7 Rxd5 21.
cxd5 Qf6 22. bxa6 bxa6 23. d6 Qxd6 24. Rxa1 Qc6 25. Rb1 d2 26. Qb8+ Kd7 27. Qb2
Rd8 28. Qxd2+ Ke8 29. Qxh6 Qxe4 30. Rc1 c5 31. h3 c4 32. Qg5 Rc8 33. Qa5 Qe6
34. Qc3 Qd5 35. Re1+ Kd7 36. Qa3 Re8 37. Qa4+ Qb5 38. Qd1+ Kc7 39. Rxe8 Qxe8
40. Qd5 Qc6 41. Qxf7+ Kb6 42. Qe7 c3 43. Qb4+ Ka7 44. Qd4+ Kb7 45. Qb4+ Kc7 46.
Qe7+ Kb8 47. Qb4+ Kc8 48. Qf8+ Kd7 49. Qf7+ Kc8 50. Qf8+ Kb7 51. Qe7+ Qc7 52.
Qb4+ Ka8 53. Qe4+ Kb8 54. Qb4+ 1/2-1/2

[Event "XVII Weekend Citta' di Firenze A"]
[Site "Firenze ITA"]
[Date "2009.12.08"]
[Round "5"]
[White "Molina, Fabrizio"]
[Black "Cocuzzi, Edoardo"]
[Result "1-0"]
[WhiteElo "2220"]
[BlackElo "1972"]
[PlyCount "77"]
[EventDate "2009.12.06"]

1. Nf3 Nf6 2. c4 d6 3. g3 Bd7 4. Nc3 e5 5. d4 exd4 6. Nxd4 Nc6 7. Bg2 Nxd4 8.
Qxd4 Qc8 9. Nd5 Nxd5 10. cxd5 f6 11. Bd2 Bh3 12. Bxh3 Qxh3 13. Rc1 Qd7 14. Ba5
b6 15. Bd2 Rc8 16. O-O Be7 17. Rc6 Kf7 18. Rfc1 h5 19. Qe4 Bd8 20. Bb4 Ra8 21.
f4 h4 22. f5 hxg3 23. hxg3 a5 24. Rxc7 Bxc7 25. Rxc7 Qxc7 26. Qe6+ Kf8 27.
Bxd6+ Qxd6 28. Qxd6+ Kg8 29. g4 Kh7 30. g5 fxg5 31. Qg6+ Kg8 32. f6 Ra7 33. d6
Kf8 34. e4 Rf7 35. e5 gxf6 36. e6 Rg7 37. e7+ Rxe7 38. dxe7+ Kxe7 39. Qg7+ 1-0

[Event "XVII Weekend Citta' di Firenze A"]
[Site "Firenze ITA"]
[Date "2009.12.08"]
[Round "5"]
[White "Nones, Giorgio"]
[Black "Bini, Lorenzo"]
[Result "1-0"]
[WhiteElo "2053"]
[BlackElo "1922"]
[PlyCount "73"]
[EventDate "2009.12.06"]

1. e4 g6 2. d4 Bg7 3. Nf3 d6 4. Nc3 a6 5. Be3 Nd7 6. Bc4 e6 7. Qd2 b5 8. Bd3
Bb7 9. a3 h6 10. O-O Ne7 11. Rad1 g5 12. h3 O-O 13. Nh2 Ng6 14. Ne2 f5 15. exf5
exf5 16. f4 Nh4 17. Rf2 g4 18. hxg4 fxg4 19. Nxg4 Bxg2 20. Rxg2 h5 21. Nh2 Nxg2
22. Kxg2 Qe7 23. Bg6 Nf6 24. Qd3 d5 25. Ng3 Rad8 26. Bd2 Rd6 27. Bb4 Ne4 28.
Bxe4 dxe4 29. Qb3+ Kh8 30. Bxd6 cxd6 31. Qd5 Rxf4 32. Qxh5+ Kg8 33. Ne2 Rh4 34.
Qf5 Bf6 35. Kh1 Kh8 36. Rf1 Bg7 37. Nf4 1-0

[Event "XVII Weekend Citta' di Firenze A"]
[Site "Firenze ITA"]
[Date "2009.12.08"]
[Round "5"]
[White "Onesti, Luca"]
[Black "Bartolini, Tommaso"]
[Result "1/2-1/2"]
[WhiteElo "1983"]
[BlackElo "2185"]
[PlyCount "70"]
[EventDate "2009.12.06"]

1. e4 c5 2. Nf3 d6 3. d4 cxd4 4. Nxd4 Nf6 5. Nc3 a6 6. Bg5 e6 7. f4 Be7 8. Be2
h6 9. Bh4 Nxe4 10. Bxe7 Nxc3 11. Bxd8 Nxd1 12. Rxd1 Kxd8 13. Bf3 Ra7 14. O-O b5
15. Nc6+ Nxc6 16. Rxd6+ Bd7 17. Bxc6 Ke7 18. Rfd1 Bxc6 19. Rxc6 Rd8 20. Rxd8
Kxd8 21. Kf2 Kd7 22. Rc3 b4 23. Rd3+ Kc6 24. c4 Kc5 25. b3 a5 26. g4 a4 27. h4
axb3 28. axb3 Ra2+ 29. Kf3 Rh2 30. Kg3 Rc2 31. Kf3 f6 32. Ke4 Rb2 33. Kf3 Rh2
34. Kg3 Rc2 35. Kf3 Rh2 1/2-1/2

[Event "XVII Weekend Citta' di Firenze A"]
[Site "Firenze ITA"]
[Date "2009.12.08"]
[Round "5"]
[White "Tocchioni, Maurizio"]
[Black "Nicosia, Federico"]
[Result "1-0"]
[WhiteElo "1939"]
[BlackElo "1800"]
[PlyCount "71"]
[EventDate "2009.12.06"]

1. d4 Nf6 2. c4 e6 3. Nc3 Bb4 4. Qc2 O-O 5. a3 Bxc3+ 6. Qxc3 b6 7. Bg5 Bb7 8.
f3 h6 9. Bh4 d5 10. Nh3 Nbd7 11. Rd1 Ne4 12. Bxd8 Nxc3 13. Rd3 Rfxd8 14. Rxc3
c5 15. dxc5 d4 16. Rc2 bxc5 17. Nf2 e5 18. e3 f5 19. exd4 cxd4 20. c5 Bc6 21.
Bc4+ Kf8 22. O-O Nf6 23. b4 Nd5 24. Bxd5 Rxd5 25. Rfc1 Rc8 26. Nd3 e4 27. fxe4
fxe4 28. Nb2 e3 29. Rd1 Ba4 30. Nxa4 d3 31. Nc3 dxc2 32. Rf1+ Kg8 33. Nxd5 e2
34. Re1 Rd8 35. Ne3 Rd1 36. Nxc2 1-0

[Event "XVII Weekend Citta' di Firenze A"]
[Site "Firenze ITA"]
[Date "2009.12.08"]
[Round "6"]
[White "Aleksic, Nenad"]
[Black "Molina, Fabrizio"]
[Result "0-1"]
[WhiteElo "2373"]
[BlackElo "2220"]
[PlyCount "114"]
[EventDate "2009.12.06"]

1. e4 d6 2. d4 Nf6 3. Nc3 e5 4. Nf3 Nbd7 5. Bc4 Be7 6. O-O O-O 7. Re1 c6 8. a4
b6 9. Bg5 a6 10. h3 Rb8 11. Bh4 b5 12. axb5 axb5 13. Bd3 exd4 14. Nxd4 Ne5 15.
Bg3 Qb6 16. Bf1 Re8 17. Nf5 Bf8 18. Bf4 Bb7 19. Be3 Qc7 20. Bg5 Nfd7 21. Nd4 g6
22. Qd2 Bg7 23. Rad1 Nb6 24. b3 f6 25. Bh6 Re7 26. Bxg7 Kxg7 27. Nce2 Rbe8 28.
Ng3 Nf7 29. Re3 d5 30. Rde1 Kg8 31. exd5 Nxd5 32. Rxe7 Rxe7 33. Rxe7 Qxe7 34.
c4 bxc4 35. Bxc4 Nb6 36. Ndf5 gxf5 37. Nxf5 Qf8 38. Bxf7+ Kxf7 39. Nd6+ Kg7 40.
Nxb7 Nd5 41. Na5 Qd6 42. Nc4 Qe6 43. Qd4 h5 44. Ne3 Nxe3 45. Qxe3 Qd6 46. h4
Qd1+ 47. Kh2 Qd5 48. g3 c5 49. Kg1 Kg6 50. Qc3 Kg7 51. Qc4 Qe5 52. Kg2 Kg6 53.
g4 hxg4 54. Qxg4+ Kh6 55. Qg3 Qe4+ 56. Kh3 Qe6+ 57. Kh2 Kh5 $138 0-1

[Event "XVII Weekend Citta' di Firenze A"]
[Site "Firenze ITA"]
[Date "2009.12.08"]
[Round "6"]
[White "Bartolini, Tommaso"]
[Black "Efimov, Igor"]
[Result "0-1"]
[WhiteElo "2185"]
[BlackElo "2435"]
[PlyCount "61"]
[EventDate "2009.12.06"]

1. d4 d6 2. Bg5 h6 3. Bh4 c5 4. dxc5 Qa5+ 5. c3 Qxc5 6. Nd2 g6 7. Ngf3 Bg7 8.
e3 Qc7 9. Be2 Nf6 10. O-O O-O 11. h3 Nc6 12. Nd4 a6 13. Rc1 Re8 14. e4 e5 15.
Bxf6 Bxf6 16. Nc2 Bg5 17. Ra1 Be6 18. Nc4 Rad8 19. N4e3 f5 20. Nd5 Qg7 21. Bf3
Rf8 22. Nce3 Rf7 23. Qa4 h5 24. Rad1 h4 25. Kh1 Rdf8 26. exf5 gxf5 27. Bh5 f4
28. Bg4 fxe3 29. Bxe6 e2 30. Qg4 exf1=Q+ 31. Rxf1 0-1

[Event "XVII Weekend Citta' di Firenze A"]
[Site "Firenze ITA"]
[Date "2009.12.08"]
[Round "6"]
[White "Bini, Lorenzo"]
[Black "Caprino, Marco"]
[Result "1-0"]
[WhiteElo "1922"]
[BlackElo "1888"]
[PlyCount "65"]
[EventDate "2009.12.06"]

1. f4 c5 2. Nf3 g6 3. g3 Bg7 4. Bg2 Nc6 5. e3 Nf6 6. O-O O-O 7. d3 d6 8. Nc3
Rb8 9. h3 b5 10. Ne2 Nd7 11. g4 Qc7 12. e4 a5 13. Rb1 a4 14. f5 Nde5 15. Nh4
Ba6 16. Nf4 Qd7 17. Nd5 Nb4 18. f6 exf6 19. Nxf6+ Bxf6 20. Rxf6 Qe7 21. Bg5 Qd7
22. Qe2 Nbc6 23. Rbf1 b4 24. Nf5 gxf5 25. gxf5 Ng6 26. Bh6 Qe7 27. fxg6 hxg6
28. Qf2 Ne5 29. Bxf8 Kxf8 30. Qh4 Kg8 31. R1f2 Rb7 32. Bf1 Kg7 33. d4 1-0

[Event "XVII Weekend Citta' di Firenze A"]
[Site "Firenze ITA"]
[Date "2009.12.08"]
[Round "6"]
[White "Chiarion, Elisa"]
[Black "Bardi, Giuliano"]
[Result "1-0"]
[WhiteElo "1908"]
[BlackElo "1901"]
[PlyCount "71"]
[EventDate "2009.12.06"]

1. e4 g6 2. d4 Bg7 3. Nf3 d6 4. Nc3 Nf6 5. Bc4 O-O 6. h3 Nxe4 7. Bxf7+ Rxf7 8.
Nxe4 h6 9. Be3 Nc6 10. Qd2 Kh7 11. h4 Rf8 12. O-O-O Bg4 13. Qe2 Qd7 14. h5 gxh5
15. Rh4 Qf5 16. Ng3 Bxf3 17. gxf3 Qa5 18. Qd3+ Kg8 19. Nxh5 Qf5 20. Nxg7 Qxd3
21. cxd3 Rxf3 22. Rg1 Kf7 23. Nh5 Nb4 24. Nf4 Nxa2+ 25. Kd2 e5 26. dxe5 dxe5
27. Ke2 Rxe3+ 28. fxe3 exf4 29. Rxf4+ Ke6 30. Ra4 a6 31. Rxa2 h5 32. Ra4 Rh8
33. Rh4 Kf5 34. e4+ Ke5 35. Rg5+ Kd4 36. Rd5# 1-0

[Event "XVII Weekend Citta' di Firenze A"]
[Site "Firenze ITA"]
[Date "2009.12.08"]
[Round "6"]
[White "Cocuzzi, Edoardo"]
[Black "Tocchioni, Maurizio"]
[Result "0-1"]
[WhiteElo "1972"]
[BlackElo "1939"]
[PlyCount "44"]
[EventDate "2009.12.06"]

1. e4 c6 2. d4 d5 3. exd5 cxd5 4. Bd3 Nf6 5. h3 Nc6 6. c3 Qc7 7. Ne2 e5 8. dxe5
Nxe5 9. Bb5+ Bd7 10. Bxd7+ Qxd7 11. Bg5 Be7 12. Nf4 Rd8 13. Qe2 Qf5 14. Bxf6
Bxf6 15. Qb5+ Rd7 16. Ne2 Nd3+ 17. Kd2 Nxf2 18. Rf1 Bg5+ 19. Nf4 Bxf4+ 20. Ke1
Bg3 21. Nd2 O-O 22. Rxf2 Re7+ 0-1

[Event "XVII Weekend Citta' di Firenze A"]
[Site "Firenze ITA"]
[Date "2009.12.08"]
[Round "6"]
[White "Corso, Roberto"]
[Black "Onesti, Luca"]
[Result "1-0"]
[WhiteElo "2083"]
[BlackElo "1983"]
[PlyCount "61"]
[EventDate "2009.12.06"]

1. d4 Nf6 2. c4 g6 3. Nc3 Bg7 4. g3 d6 5. Bg2 O-O 6. Nf3 c5 7. e3 Nc6 8. O-O
Rb8 9. Qe2 b6 10. d5 Na5 11. e4 Ba6 12. Nd2 Nd7 13. a4 Nxc4 14. Nb5 Na5 15. f4
Bd4+ 16. Kh1 e5 17. dxe6 fxe6 18. Bh3 Qe7 19. Qd1 Rbc8 20. Nf3 Bxb5 21. axb5
Bf6 22. f5 exf5 23. exf5 g5 24. Bg2 Rc7 25. Nd2 Qg7 26. Ne4 Bxb2 27. Bxb2 Qxb2
28. Qxd6 Qe5 29. Qh6 Qg7 30. Qe6+ Qf7 31. Nxg5 1-0

[Event "XVII Weekend Citta' di Firenze A"]
[Site "Firenze ITA"]
[Date "2009.12.08"]
[Round "6"]
[White "Corti, Massimo"]
[Black "Guglielmi, Dante"]
[Result "1-0"]
[WhiteElo "2031"]
[BlackElo "1918"]
[PlyCount "95"]
[EventDate "2009.12.06"]

1. d4 d5 2. c4 e6 3. Nf3 Nf6 4. g3 Be7 5. Bg2 O-O 6. O-O Nbd7 7. Qc2 Re8 8. Rd1
c6 9. Nc3 Bd6 10. e4 dxe4 11. Ng5 Qe7 12. Ngxe4 Bc7 13. Bg5 h6 14. Be3 Nxe4 15.
Bxe4 Nf6 16. Bg2 Bb6 17. Bf4 Rd8 18. c5 Bc7 19. Bxc7 Qxc7 20. Qe2 b6 21. Nb5
Qd7 22. Nd6 bxc5 23. dxc5 Nd5 24. Bxd5 exd5 25. Rd4 Qe6 26. Re1 Qxe2 27. Rxe2
g5 28. Re7 Ba6 29. f4 f6 30. Rc7 Rab8 31. Rxc6 Be2 32. b4 Rd7 33. Rc8+ Rxc8 34.
Nxc8 Ba6 35. Nd6 Re7 36. b5 Bb7 37. Nxb7 Rxb7 38. a4 Kf7 39. Rxd5 Ke6 40. Rd6+
Ke7 41. f5 Rc7 42. Rd5 h5 43. h3 Ke8 44. c6 Ke7 45. Kf2 Ke8 46. Rd6 Ke7 47.
Re6+ Kf7 48. Ke3 1-0

[Event "XVII Weekend Citta' di Firenze A"]
[Site "Firenze ITA"]
[Date "2009.12.08"]
[Round "6"]
[White "De Nadai, Daniele"]
[Black "Bini, Alessandro"]
[Result "1/2-1/2"]
[WhiteElo "1883"]
[BlackElo "1915"]
[PlyCount "55"]
[EventDate "2009.12.06"]

1. d4 g6 2. c4 Nf6 3. Nc3 d5 4. e3 Bg7 5. cxd5 Nxd5 6. Qb3 c6 7. Bc4 e6 8. a3
O-O 9. Nf3 Nd7 10. Ne4 N7b6 11. Be2 Qc7 12. Bd2 a5 13. Rc1 Nd7 14. Nc3 Qb6 15.
Qc2 Qc7 16. Nxd5 exd5 17. b4 axb4 18. axb4 Re8 19. b5 Nb8 20. Qc5 Qd8 21. O-O
b6 22. Qc3 c5 23. Ra1 Rxa1 24. Rxa1 Qe7 25. Ra8 c4 26. Qa1 Qc7 27. Ra7 Bb7 28.
Ne1 1/2-1/2

[Event "XVII Weekend Citta' di Firenze A"]
[Site "Firenze ITA"]
[Date "2009.12.08"]
[Round "6"]
[White "Fusari, Paolo"]
[Black "Nicosia, Federico"]
[Result "1-0"]
[WhiteElo "1905"]
[BlackElo "1800"]
[PlyCount "53"]
[EventDate "2009.12.06"]

1. e4 c5 2. b4 cxb4 3. a3 Qa5 4. c3 bxc3 5. Nxc3 Nc6 6. Nf3 Nf6 7. Nb5 a6 8.
Nc3 e6 9. Bb2 Be7 10. Bd3 O-O 11. O-O b5 12. e5 Ng4 13. Ne4 Qc7 14. Nd6 Bxd6
15. exd6 Qxd6 16. Bxh7+ Kh8 17. h3 Nf6 18. Bb1 Qe7 19. g4 e5 20. Re1 d6 21. d4
e4 22. d5 Ne5 23. Nxe5 dxe5 24. Bc1 Qd6 25. g5 Qxd5 26. gxf6 Qxd1 27. fxg7+ 1-0

[Event "XVII Weekend Citta' di Firenze A"]
[Site "Firenze ITA"]
[Date "2009.12.08"]
[Round "6"]
[White "Galletti, Armando"]
[Black "Bernardini, Luca"]
[Result "1/2-1/2"]
[WhiteElo "1850"]
[BlackElo "1913"]
[PlyCount "40"]
[EventDate "2009.12.06"]

1. d4 d5 2. Bf4 c6 3. e3 g6 4. h3 Bg7 5. Bd3 Nf6 6. Nd2 Nfd7 7. Ngf3 c5 8. c3
Nc6 9. O-O e5 10. dxe5 Ndxe5 11. Nxe5 Nxe5 12. Bxe5 Bxe5 13. Nf3 Bc7 14. Bb5+
Bd7 15. Qa4 a6 16. Bxd7+ Qxd7 17. Qxd7+ Kxd7 18. Rad1 Kc6 19. Rd2 f6 20. Rfd1
Rad8 1/2-1/2

[Event "XVII Weekend Citta' di Firenze A"]
[Site "Firenze ITA"]
[Date "2009.12.08"]
[Round "6"]
[White "Garofalo, Simone"]
[Black "Annoni, Riccardo"]
[Result "1/2-1/2"]
[WhiteElo "1996"]
[BlackElo "2081"]
[PlyCount "55"]
[EventDate "2009.12.06"]

1. e4 c5 2. Nf3 e6 3. Nc3 Nc6 4. d4 cxd4 5. Nxd4 Nf6 6. Ndb5 d6 7. Bf4 e5 8.
Bg5 a6 9. Bxf6 gxf6 10. Na3 b5 11. Nd5 Bg7 12. c3 Ne7 13. Nc2 f5 14. Nxe7 Qxe7
15. exf5 Bxf5 16. Qf3 Bxc2 17. Qxa8+ Qd8 18. Qxd8+ Kxd8 19. Be2 Ke7 20. O-O f5
21. Rfc1 Be4 22. f3 Bc6 23. Rd1 d5 24. Bd3 Ke6 25. Bc2 Rb8 26. a3 a5 27. Rd2
Bf6 28. Kf1 1/2-1/2

[Event "XVII Weekend Citta' di Firenze A"]
[Site "Firenze ITA"]
[Date "2009.12.08"]
[Round "6"]
[White "Gori, Marco"]
[Black "Burgassi, Daniele"]
[Result "1-0"]
[WhiteElo "1881"]
[BlackElo "1897"]
[PlyCount "33"]
[EventDate "2009.12.06"]

1. e4 c5 2. Nf3 Nc6 3. d4 cxd4 4. Nxd4 Nf6 5. Nc3 e5 6. Ndb5 d6 7. Bg5 a6 8.
Bxf6 gxf6 9. Na3 b5 10. Nd5 f5 11. Bxb5 axb5 12. Nxb5 Qa5+ 13. c3 Qa4 14. Ndc7+
Kd7 15. Qd5 Ra5 16. exf5 Ne7 17. Qxd6# 1-0

[Event "XVII Weekend Citta' di Firenze A"]
[Site "Firenze ITA"]
[Date "2009.12.08"]
[Round "6"]
[White "Lorenzetti, Giacomo"]
[Black "Carboni, Giancarlo"]
[Result "0-1"]
[WhiteElo "1825"]
[BlackElo "1904"]
[PlyCount "52"]
[EventDate "2009.12.06"]

1. e4 c5 2. Nc3 Nc6 3. g3 g6 4. Bg2 Bg7 5. d3 d6 6. Be3 f5 7. Nge2 Nf6 8. h3
O-O 9. Qd2 fxe4 10. dxe4 e5 11. O-O-O Nd4 12. Rhf1 Qa5 13. f4 b5 14. g4 b4 15.
Nb1 Ba6 16. Rf2 Bxe2 17. Rxe2 Nxe2+ 18. Qxe2 Qxa2 19. Rxd6 exf4 20. Bxf4 Ne8
21. Re6 Qxb2+ 22. Kd2 Rxf4 23. Bf3 Qxb1 24. Ke3 Qc1+ 25. Kf2 g5 26. Kg2 Bd4 0-1

[Event "XVII Weekend Citta' di Firenze A"]
[Site "Firenze ITA"]
[Date "2009.12.08"]
[Round "6"]
[White "Madiai, Federico"]
[Black "Parrini, Daniele"]
[Result "1/2-1/2"]
[WhiteElo "2112"]
[BlackElo "2072"]
[PlyCount "75"]
[EventDate "2009.12.06"]

1. d4 Nf6 2. c4 g6 3. Nc3 d5 4. cxd5 Nxd5 5. e4 Nxc3 6. bxc3 Bg7 7. Be3 c5 8.
Rc1 Qa5 9. Qd2 cxd4 10. cxd4 Qxd2+ 11. Kxd2 O-O 12. Bb5 Nc6 13. Ne2 Rd8 14.
Bxc6 bxc6 15. Rhd1 Be6 16. Rc2 Rab8 17. Ke1 Rb4 18. Rxc6 Bxa2 19. Ra6 Bb1 20.
Rxa7 Bxe4 21. f3 Rb7 22. Rxb7 Bxb7 23. Rd2 h6 24. Nc3 e6 25. Ne4 Bd5 26. Kf2 f5
27. Nc3 Bc4 28. h4 Rc8 29. Na4 Rc6 30. Nc5 Rd6 31. Na4 Kf7 32. Nb2 Bb5 33. Nd3
Bxd3 34. Rxd3 Rd5 35. Ke2 Ke7 36. Rb3 Rd7 37. Kd3 Bf6 38. g3 1/2-1/2

[Event "XVII Weekend Citta' di Firenze A"]
[Site "Firenze ITA"]
[Date "2009.12.08"]
[Round "6"]
[White "Mauro, Alan"]
[Black "Tocchioni, Doriano"]
[Result "0-1"]
[WhiteElo "2174"]
[BlackElo "2290"]
[PlyCount "70"]
[EventDate "2009.12.06"]

1. e4 Nc6 2. Nf3 d6 3. d4 Nf6 4. c3 a6 5. Be2 Bg4 6. O-O Bxf3 7. gxf3 e6 8. Kh1
Ne7 9. Qb3 Rb8 10. Be3 d5 11. Nd2 Ng6 12. c4 c6 13. Rg1 Be7 14. Qc2 Rc8 15. e5
Nh5 16. Rg4 c5 17. Qa4+ Qd7 18. Qxd7+ Kxd7 19. cxd5 exd5 20. dxc5 Bxc5 21. Rg5
Nhf4 22. Bf1 Ne6 23. Bh3 d4 24. Rf5 dxe3 25. Rxf7+ Ke8 26. Bxe6 exd2 27. Rd1
Bxf2 28. Rxd2 Rc1+ 29. Kg2 Be3 30. Rdd7 Rg1+ 31. Kh3 Nf4+ 32. Rxf4 Bxf4 33.
Rxb7 Bxe5 34. Bd5 g5 35. Rb6 Kd7 0-1

[Event "XVII Weekend Citta' di Firenze A"]
[Site "Firenze ITA"]
[Date "2009.12.08"]
[Round "6"]
[White "Scali, Fausto"]
[Black "Nones, Giorgio"]
[Result "0-1"]
[WhiteElo "1938"]
[BlackElo "2053"]
[PlyCount "86"]
[EventDate "2009.12.06"]

1. e4 c5 2. Nf3 e6 3. d4 cxd4 4. Nxd4 a6 5. Nc3 Qc7 6. Be2 Nf6 7. O-O Bc5 8.
Nb3 Ba7 9. Kh1 b5 10. Bf3 Bb7 11. e5 Ng8 12. Ne4 Bxe4 13. Bxe4 Nc6 14. Bf4 Nge7
15. Qh5 Ng6 16. Bg3 Rc8 17. f4 Qd8 18. f5 exf5 19. Qxf5 O-O 20. Rad1 Bb8 21.
Rxd7 Qe8 22. Qh3 Ncxe5 23. Bxe5 Bxe5 24. Bd5 Bf6 25. Na5 Rd8 26. Rxd8 Qxd8 27.
Rd1 Qxa5 28. Qd7 Ne5 29. Qa7 Qb4 30. h3 Qxb2 31. Qxa6 Qxc2 32. Bb3 Qc5 33. Rd5
Qc1+ 34. Kh2 Qf4+ 35. Kg1 Qe3+ 36. Kh2 Nd3 37. Qxb5 Be5+ 38. Rxe5 Qxe5+ 39.
Qxe5 Nxe5 40. a4 Nc6 41. Bd5 Na5 42. Kg3 Rd8 43. Bf3 Rd4 0-1

[Event "Open Accademia Serale"]
[Site "Milano ITA"]
[Date "2009.05.07"]
[Round "3"]
[White "D'Urbino, Ilan"]
[Black "Miglioli, Luca"]
[Result "1-0"]
[WhiteElo "1682"]
[BlackElo "1437"]
[PlyCount "91"]
[EventDate "2009.04.16"]

1. e4 e6 2. d4 d5 3. Nd2 Nf6 4. e5 Nfd7 5. Bd3 c5 6. c3 cxd4 7. cxd4 Nc6 8. Ne2
Qb6 9. Nf3 Bb4+ 10. Bd2 Bxd2+ 11. Qxd2 Qb4 12. Rc1 Qxd2+ 13. Nxd2 Nb6 14. Nb3
Na4 15. Bb5 Nxb2 16. Rxc6 bxc6 17. Bxc6+ Bd7 18. Bxa8 O-O 19. Bb7 Nd3+ 20. Kd2
Nxf2 21. Rf1 Ne4+ 22. Ke3 Bb5 23. Nc5 Nc3 24. Ba6 Bxe2 25. Bxe2 Nxa2 26. Bg4
Re8 27. Bh5 Re7 28. Rb1 g6 29. Bd1 Nc3 30. Rb8+ Kg7 31. Bc2 f5 32. exf6+ Kxf6
33. Kd2 Ne4+ 34. Bxe4 dxe4 35. Nxe4+ Kf7 36. Ra8 Rd7 37. Ke3 h6 38. h4 Rc7 39.
Nd6+ Ke7 40. Nb5 Rc2 41. Rxa7+ Kf6 42. Nd6 g5 43. h5 e5 44. d5 e4 45. Kxe4 Re2+
46. Kf3 1-0

[Event "Open Accademia Serale"]
[Site "Milano ITA"]
[Date "2009.05.14"]
[Round "4"]
[White "Alidosi, Marco"]
[Black "Rutigliano, Cesare"]
[Result "1/2-1/2"]
[WhiteElo "1784"]
[BlackElo "1524"]
[PlyCount "85"]
[EventDate "2009.04.16"]

1. Nf3 Nf6 2. g3 d5 3. Bg2 c6 4. O-O Bf5 5. d3 Nbd7 6. b3 e5 7. Nbd2 Bd6 8. Bb2
Qc7 9. c4 d4 10. Nh4 Bg6 11. Nxg6 hxg6 12. a3 Ng4 13. h3 Nh6 14. Qe1 O-O-O 15.
b4 f5 16. c5 Be7 17. e4 Nf7 18. f4 exf4 19. gxf4 Bh4 20. Qe2 Nf6 21. e5 Nh5 22.
Nc4 Ng3 23. Qf3 Nxf1 24. Rxf1 g5 25. e6 Nh6 26. fxg5 Bxg5 27. Re1 Bf6 28. a4
Qe7 29. Bc1 g5 30. Ba3 f4 31. b5 Rd5 32. bxc6 bxc6 33. Nd6+ Kc7 34. Rb1 Rb8 35.
Rxb8 Kxb8 36. Qd1 Rxd6 37. cxd6 Qxe6 38. Bxc6 Qe3+ 39. Kh1 Qxh3+ 40. Kg1 Qe3+
41. Kh1 Qh3+ 42. Kg1 Qg3+ 43. Kh1 1/2-1/2

[Event "VI C.to Italiano a squadre U16"]
[Site "Terrasini ITA"]
[Date "2009.10.30"]
[Round "4"]
[White "D'Urbino, Ilan"]
[Black "Gueci, Tea"]
[Result "1-0"]
[WhiteElo "1679"]
[BlackElo "1638"]
[PlyCount "81"]
[EventDate "2009.10.29"]

1. e4 c5 2. Nf3 d6 3. d4 cxd4 4. Nxd4 Nf6 5. Nc3 a6 6. Bc4 e6 7. Bb3 b5 8. O-O
Be7 9. Qf3 Qc7 10. Qg3 Kf8 11. a3 Nc6 12. Be3 Nxd4 13. Bxd4 Bb7 14. f3 Rc8 15.
Rad1 h6 16. Rfe1 Rd8 17. Qf2 Rd7 18. Ne2 Qc6 19. Rd3 Qc8 20. Red1 d5 21. e5 Nh7
22. f4 Rc7 23. c3 Bc5 24. Bc2 Bxd4 25. Nxd4 Rc4 26. Rf3 Qd7 27. Bd3 Rc8 28. h4
Qe7 29. f5 exf5 30. Nxf5 Qxe5 31. Re1 Qc7 32. Nd6 Qxd6 33. Rxf7+ Kg8 34. Rxb7
Qf6 35. Ree7 Qxf2+ 36. Kxf2 g6 37. Rg7+ Kf8 38. Rbf7+ Ke8 39. Re7+ Kf8 40. Bxg6
Nf6 41. Ref7+ 1-0

[Event "VI C.to Italiano a squadre U16"]
[Site "Terrasini ITA"]
[Date "2010.10.30"]
[Round "5"]
[White "Gennari, Jacopo"]
[Black "D'Urbino, Ilan"]
[Result "0-1"]
[WhiteElo "1581"]
[BlackElo "1679"]
[PlyCount "120"]
[EventDate "2009.10.29"]

1. d4 Nf6 2. c4 g6 3. Nc3 Bg7 4. e4 O-O 5. e5 Ne8 6. f4 d6 7. Nf3 dxe5 8. fxe5
Bg4 9. h3 Bxf3 10. gxf3 c5 11. Be3 cxd4 12. Qxd4 Qxd4 13. Bxd4 Nc6 14. Bc5 b6
15. Ba3 Bxe5 16. Nd5 Bg3+ 17. Ke2 Nd6 18. Rg1 Nf5 19. Nxe7+ Ncxe7 20. Bxe7 Rfe8
21. Rxg3 Nxg3+ 22. Kf2 Rxe7 23. Kxg3 Rd8 24. b4 Rd2 25. a3 Re3 26. Kf4 Rc3 27.
Ke4 f5+ 28. Kf4 Kf7 29. a4 Rb2 30. b5 Rbb3 31. Be2 Ra3 32. Rd1 Rxa4 33. Rd7+
Kg8 34. Ke5 Re3+ 35. Kf6 Re8 36. Bd1 Ra1 37. Rg7+ Kh8 38. Rd7 a5 39. bxa6 Rxa6
40. Kf7 Raa8 41. Ba4 Rf8+ 42. Ke7 Rae8+ 43. Kd6 Rd8 44. Rxd8 Rxd8+ 45. Kc7 Rd4
46. Bb5 Rf4 47. Kxb6 Rxf3 48. c5 Rxh3 49. Bc4 Re3 50. c6 Kg7 51. Kc5 Kf6 52. c7
Re8 53. Ba6 f4 54. Kd6 g5 55. Kd7 Rh8 56. Bd3 h5 57. Be2 g4 58. Kd6 f3 59. Bf1
g3 60. Kd7 g2 0-1

[Event "Torneo Internazionale"]
[Site "Biel SUI"]
[Date "2009.07.19"]
[Round "1"]
[White "Gelfand, Boris"]
[Black "Caruana, Fabiano"]
[Result "1/2-1/2"]
[WhiteElo "2755"]
[BlackElo "2670"]
[PlyCount "66"]
[EventDate "2009.07.19"]

1. c4 Nf6 2. d4 e6 3. Nc3 Bb4 4. Qc2 O-O 5. a3 Bxc3+ 6. Qxc3 d5 7. cxd5 exd5 8.
Bg5 Qd6 9. f3 Bf5 10. e3 Nbd7 11. Ne2 Rac8 12. b4 Rfe8 13. Bf4 Qe7 14. g4 Be6
15. h4 Nf8 16. h5 h6 17. Ng3 N8h7 18. Qc5 Qd8 19. Qxa7 b6 20. Qa4 Ng5 21. Be2
c5 22. bxc5 bxc5 23. dxc5 Rxc5 24. Bxg5 hxg5 25. Qd4 Rc2 26. h6 Qa5+ 27. Kf2
Rd2 28. Qe5 Nxg4+ 29. fxg4 f6 30. Qd6 d4 31. Qc6 Bd7 32. Qc4+ Be6 33. Qc6 Bd7
1/2-1/2

[Event "Torneo Internazionale"]
[Site "Biel SUI"]
[Date "2009.07.21"]
[Round "3"]
[White "Ivanchuk, Vassily"]
[Black "Caruana, Fabiano"]
[Result "1-0"]
[WhiteElo "2703"]
[BlackElo "2670"]
[PlyCount "97"]
[EventDate "2009.07.19"]

1. e4 e5 2. Nf3 Nc6 3. Nc3 Nf6 4. Bb5 Nd4 5. Ba4 c6 6. Nxe5 d5 7. d3 Bd6 8. Nf3
Bg4 9. Be3 Nxf3+ 10. gxf3 Bh5 11. exd5 O-O 12. dxc6 bxc6 13. Rg1 Nd5 14. Nxd5
cxd5 15. Rg5 d4 16. Rxh5 dxe3 17. fxe3 g6 18. Rh3 Qb6 19. Kf2 Qxb2 20. d4 Rac8
21. Bb3 Rxc2+ 22. Qxc2 Qxa1 23. f4 Qh1 24. Qc4 a5 25. Qf1 Qxf1+ 26. Kxf1 Kg7
27. f5 gxf5 28. Bc2 Rc8 29. Bxf5 Rc1+ 30. Ke2 h6 31. Be4 a4 32. Rh4 a3 33. Rg4+
Kf6 34. h3 Bc7 35. Bd5 Rc2+ 36. Kd3 Rf2 37. Rg8 Bd6 38. Ra8 Kg7 39. Ra6 Bb4 40.
Ra7 Bf8 41. e4 h5 42. Ke3 Rf6 43. e5 Rf5 44. Ke4 Rf2 45. Ke3 Rf5 46. Ke4 Rf2
47. e6 Kg6 48. Ke3 Rf1 49. Ke2 1-0